000 02200nam a22004697i 4500
003 DO-SdBNP
005 20250912101921.0
007 ta
008 110504s2015 dr ao 000 0 spa d
020 _a9789945895452
040 _aDO-SdBNP
_bspa
_cBNPHU
_erda
041 _aspa
082 4 _a306.097293
_bC397a 2014
_222
110 2 _aCentro Cultural Eduardo León Jimenes
_956909
245 1 0 _aAnuario 2014 :
_bcincuenta años, veinticinco concursos y un espacio de arte y creatividad /
_credacción, Daniela Cruz Gil, Jesenia de Moya, Carlos Andujar, Sara Hermann, María Belissa Ramírez, Ana Azcona, Sheila Pérez, Awilda Reyes, José D´Laura ; fotografías, José Enrique Tavárez, Jhonnatan Freites, Jonatán Vila, Ana Azcona.
264 1 _aSantiago de los Caballeros, República Dominicana :
_bCentro León,
_c2015.
300 _a162 páginas :
_bilustraciones, fotografías ;
_c32 cm.
336 _atexto
_btxt
_2rdacontent
337 _asin mediación
_2rdamedia
_bn
338 _avolumen
_bnc
_2rdacarrier
590 _aInventariado, 2023/ YL
610 2 0 _aCentro Cultural Eduardo León Jimenes
_956909
650 4 _aArtes
_zRepública Dominicana
_981690
_y2014
650 4 _aCultura
_zRepública Dominicana
_91983
_y2014
650 4 _aCentros culturales
_zRepública Dominicana
_981691
_y2014
650 4 _aArte
_vExposiciones
_94908
_y2014
700 1 2 _aCruz Gil, Daniela,
_eredacción
_981699
_4red.
700 1 _aMoya, Jesenia de,
_eredacción
_984585
_4red.
700 1 _aAndújar, Carlos,
_eredacción
_984586
_4red.
700 1 _aHermann, Sara,
_eredacción
_958086
_4red.
700 1 _aBelissa Ramírez, María,
_eredacción
_984587
_4red.
700 1 _aAzcona, Ana,
_eredacción
_981700
_4red.
700 1 _aPérez, Sheila,
_eredacción
_984588
_4red.
700 1 _aReyes, Awilda,
_eredacción
_984589
_4red.
700 1 _aD´Laura, José ,
_eredacción
_984590
_4red.
700 1 _aTavárez, José Enrique,
_efotografías
_976983
_4fot.
700 1 _aFreites, Jhonnatan,
_efotografías
_981701
_4fot.
700 1 _aVila, Jonatán,
_efotografías
_984591
_4fot.
700 1 _aAzcona, Ana,
_efotografía
_981700
_4fot.
910 _aYLockward/Validado. Control de calidad MFF
942 _2ddc
_cLBS1
999 _c55409
_d55409